00781nam a2200229 i 4500001000300000100002200003245007400025260007000099300003600169504002600205650002000231650003000251650004700281650001300328015001700341020001500358040000800373041000800381080002300389008004100412856009800453bg1 aWÓJS, Kazimierz10aKawitacja w cieczach o różnych właściwościach reologicznych. aWrocław :bOficyna Wydawnicza Politechniki Wrocławskiej,c2004. a193 s. :brys., wykr. ;c24 cm. aBibliogr. przy rozdz. 9aCieczexbadanie 9aKorozja i erozjaxbadanie 9aModele matematycznexstosowaniexmechanika 9aReologia aPB 5256/2005 a837085835X cBPK0 apol a532:620.193:519.86 s pl f |000 0 pol  uhttp://koha.tu.koszalin.pl/cgi-bin/koha/opac-detail.pl?biblionumber=46679yKatalog online BPK